|
|
|
|
| LEADER |
00000nta a2200000 i 4500 |
| 001 |
dolg34316 |
| 005 |
20210917064520.0 |
| 008 |
210917s2013 hu om 000 hun d |
| 040 |
|
|
|a BGE Dolgozattár Repozitórium
|b hun
|
| 041 |
|
|
|a hu
|
| 100 |
1 |
|
|a Gyöngyösi Bettina
|
| 245 |
1 |
2 |
|a A 2012-es TVK Triatlon Nagyhét és a TVK ITU Triatlon Világkupa kommunikációja, szponzorálása
|c Gyöngyösi Bettina
|h [elektronikus dokumentum]
|
| 260 |
|
|
|c 2013
|
| 695 |
|
|
|a Sportfinanszírozás
|
| 695 |
|
|
|a Szponzorálás
|
| 700 |
1 |
|
|a Nincs adat Nincs adat
|e ths
|
| 856 |
4 |
0 |
|u http://dolgozattar.uni-bge.hu/34316/1/D_16359_A4O25U%20-%20Gy%C3%B6ngy%C3%B6si%20Bettina.pdf
|z Dokumentum-elérés
|